000 00702nam a2200181 i 4500
001 23404
003 ES-MaACL
005 20230906152851.0
007 t|
008 021210s1956 sp ||||1| spa d
100 1 _aAllen, John R.
_919993
245 1 0 _aCalefacción y acondicionamiento de aire /
_cpor John R. Allen, James Herbet Walker, John William James ; traducción de la sexta edición norteamericana por José Batlle Gayan.
260 _aBarcelona, etc. :
_bLabor,
_c1956 (
_fTall. Gráfs. Iberoamericanos)
300 _a783 p., 3 gráf. pleg. :
_bil. ;
_c23 cm.
700 1 _aWalker, James Herbert.
_9115930
700 1 _aBatlle Gayán, José.
_926445
852 _aES-MaACL
_jC--11737
_bR.39034
999 _c23404
_d23404